| 000 | 00757nam a2200229 a 4500 | ||
|---|---|---|---|
| 001 | BRCA_1334 | ||
| 005 | 20190320203359.0 | ||
| 008 | 900309s1984 mx-a---##b---f000-0#spa-# | ||
| 020 | _a9685804575 | ||
| 040 |
_aDLC _cDLC _dDLC |
||
| 050 | 4 |
_aNK9924 _b.D85 1984 |
|
| 100 | 1 |
_aDujovne, Marta _94364 |
|
| 245 | 1 | 0 |
_aLas pinturas con incrustaciones de nácar _cMarta Dujovne. |
| 260 |
_aMéxico _bUNAM, Instituto de Investigaciones Estéticas _c1984 |
||
| 300 |
_a271 p. _bil. _c23 cm. |
||
| 440 | 0 |
_aMonografías de arte _n8 _94365 |
|
| 504 | _aBibliografía: p. 267-268 | ||
| 650 | 1 | 4 |
_aMarquetería _xHistoria _ySiglo XVII-XVIII _zMéxico _94366 |
| 650 | 1 | 4 |
_aArte cristiano y simbolismo _zMéxico _942 |
| 650 | 1 | 4 |
_aMadre perla en el arte _94367 |
| 942 |
_2lcc _cB |
||
| 999 |
_c1197 _d1197 |
||